Business, Entrepreneurship and Management: (Record no. 183000)

MARC details
000 -LEADER
fixed length control field 00555 a2200181 4500
005 - DATE AND TIME OF LATEST TRANSACTION
control field 20211214115659.0
010 ## - LCCN (DPL NO)
LC control number ENG-130302
020 ## - INTERNATIONAL STANDARD BOOK NUMBER
Terms of availability 149.00
International Standard Book Number 978-93259-7415-9
035 ## - SYSTEM CONTROL NUMBER
System control number EN-113834
037 ## - SOURCE OF ACQUISITION
Source of stock number/acquisition DBAD / PUB
082 ## - DEWEY DECIMAL CLASSIFICATION NUMBER
Classification number 658.42
100 ## - MAIN ENTRY--PERSONAL NAME
Personal name Rao, V S P
245 ## - TITLE STATEMENT
Title Business, Entrepreneurship and Management:
Remainder of title V S P Rao
260 ## - PUBLICATION, DISTRIBUTION, ETC. (IMPRINT)
Name of publisher, distributor, etc Vikas Publishing House Pvt ltd
Date of publication, distribution, etc 2013
Place of publication, distribution, etc Uttar Pradesh
270 ## - ADDRESS
Address E-28, Sector-28, Noida
City Uttar Pradesh
Postal code 201301
300 ## - PHYSICAL DESCRIPTION
Extent 229p.
Dimensions 24cm (pbk)
942 ## - ADDED ENTRY ELEMENTS (KOHA)
Institution code [OBSOLETE] dpl
Item type English Books
Source of classification or shelving scheme Dewey Decimal Classification
Classification part 658.42
Call number suffix VSP
Holdings
Withdrawn status Lost status Not for loan Collection code Home library Current library Date acquired Source of acquisition Cost, normal purchase price Full call number Barcode Copy number Cost, replacement price Koha item type
      Non-fiction Bawana Bawana 14/12/2021 DBAD/PUB 149.00 658.42 VSP EN-113834 1 149.00 English Books

© Delhi Public Library
Hit Counter
free hit counter